Normal view
MARC view
- مراجعة وتحرير أبو إصبع، صالح.... وآخرون
Entry Personal Name
001 - CONTROL NUMBER
- control field: 33564
003 - CONTROL NUMBER IDENTIFIER
- control field: JO-AjAnu
005 - DATE AND TIME OF LATEST TRANSACTION
- control field: 20230606075630.0
008 - FIXED-LENGTH DATA ELEMENTS
- fixed length control field: 230606|| aca||aabn | a|a d
040 ## - CATALOGING SOURCE
- Original cataloging agency: JO-AjAnu
- Transcribing agency: JO-AjAnu
100 ## - HEADING--PERSONAL NAME
- Personal name: مراجعة وتحرير أبو إصبع، صالح.... وآخرون
670 ## - SOURCE DATA FOUND
- Source citation: Work cat.: (JO-AjAnu)17243: مراجعة وتحرير أبو إصبع، صالح.... وآخرون, author, ثقافة الصورة في الأدب والنقد: مؤتمر فيلادلفيا الدولي الثاني عشر24إلى 2007/4/26 بحوث محكمة